Extraordinary opportunities... and new risks; preliminary report of the LASA commission on compliance with the Central American Peace Accords
Sparad:
| Huvudupphovsman: | |
|---|---|
| Materialtyp: | Text |
| Publicerad: |
Pittsburgh, PN:
Latin American Studies Association
|
| Taggar: |
Lägg till en tagg
Inga taggar, Lägg till första taggen!
|
MARC
| LEADER | 00000 a a2200000 04500 | ||
|---|---|---|---|
| 001 | 24033 | ||
| 003 | |||
| 040 | |||
| 090 | |a 170500 | ||
| 100 | |a Hinton, Deane | ||
| 245 | |a Extraordinary opportunities... and new risks; preliminary report of the LASA commission on compliance with the Central American Peace Accords | ||
| 260 | |a Pittsburgh, PN: |b Latin American Studies Association | ||
| 300 | |a 24 p. | ||
| 999 | |c 14795 |d 14795 | ||
